De l'éducation du genre humain / (Record no. 157597)
[ view plain ]
| 000 -LEADER | |
|---|---|
| campo de control de longitud fija | 00791nam a22002175i 4500 |
| 001 - NÚMERO DE CONTROL | |
| campo de control | 157597 |
| 003 - IDENTIFICADOR DE NÚMERO DE CONTROL | |
| campo de control | ES-MaACL |
| 005 - FECHA Y HORA DE LA ÚLTIMA TRANSACCIÓN | |
| campo de control | 20250729063231.0 |
| 008 - DATOS DE LONGITUD FIJA--INFORMACIÓN GENERAL | |
| campo de control de longitud fija | 040901s1855 fr |||| | fre d |
| 040 ## - FUENTE DE CATALOGACIÓN | |
| Centro catalogador/agencia de origen | CAM |
| Lengua de catalogación | spa |
| Centro/agencia transcriptor | CAM |
| 080 ## - NÚMERO DE LA CLASIFICACIÓN DECIMAL UNIVERSAL | |
| Número de la Clasificación Decimal Universal | 21 |
| 100 1# - ENTRADA PRINCIPAL--NOMBRE DE PERSONA | |
| Nombre de persona | Lessing, Gotthold Ephraim, |
| Fechas asociadas al nombre | 1729-1781 |
| 9 (RLIN) | 71851 |
| 245 10 - MENCIÓN DEL TÍTULO | |
| Título | De l'éducation du genre humain / |
| Mención de responsabilidad, etc. | par Gotthold-Éphraïm Lessing ; traduite en français par J. Tissot. |
| 260 ## - PUBLICACIÓN, DISTRIBUCIÓN, ETC. | |
| Lugar de publicación, distribución, etc. | Paris : |
| Nombre del editor, distribuidor, etc. | Libraire Philosophie de Ladrange, |
| Fecha de publicación, distribución, etc. | 1855?.] ( |
| Fabricante | Imprimerie de L. Martinet) |
| 300 ## - DESCRIPCIÓN FÍSICA | |
| Extensión | 36 p. ; |
| Dimensiones | 19 cm. |
| 596 ## - NOTA AL PIE DE IMPRENTA | |
| NOTA AL PIE DE IMPRENTA | Prelim. fechados en 1855. |
| 650 #4 - PUNTO DE ACCESO ADICIONAL DE MATERIA--TÉRMINO DE MATERIA | |
| Término de materia o nombre geográfico como elemento de entrada | Religión- |
| Subdivisión general | Filosofía |
| 9 (RLIN) | 16799 |
| 700 1# - ENTRADA AGREGADA--NOMBRE PERSONAL | |
| Nombre de persona | Tissot, J. |
| 9 (RLIN) | 133274 |
| 852 ## - LOCALIZACIÓN | |
| Ubicación | ES-MaACL |
| Número de control de estantería | D-4706(1) |
| Nota libre | -- Enc. hol. |
| -- | -- Enc. en un vol. facticio |
| Estatus retirado | Estado de pérdida | Estado de daño | No para préstamo | Colección | Biblioteca de origen | Biblioteca actual | Ubicación en estantería | Fecha de adquisición | Total de préstamos | Signatura topográfica completa | Código de barras | Visto por última vez | Precio de reemplazo | Tipo de ítem Koha |
|---|---|---|---|---|---|---|---|---|---|---|---|---|---|---|
| Libros del s. XIX | Biblioteca del Ateneo de Madrid | Biblioteca del Ateneo de Madrid | Sala Valle Inclán | 17/01/2008 | D-4706(1) | 901164920 | 23/02/2023 | 23/02/2023 | Libro impreso antiguo |
